MERA RANG DE BASANTI CHOLA (Record no. 26162)
[ view plain ]
| 000 -LEADER | |
|---|---|
| fixed length control field | 00348nam a22001457a 4500 |
| 003 - CONTROL NUMBER IDENTIFIER | |
| control field | SGT |
| 020 ## - INTERNATIONAL STANDARD BOOK NUMBER | |
| International Standard Book Number | 9789355620439 |
| 082 ## - DEWEY DECIMAL CLASSIFICATION NUMBER | |
| Classification number | 954.034 |
| Item number | M22V |
| 100 ## - MAIN ENTRY--PERSONAL NAME | |
| Personal name | VADAICH, MALVINDER JEET SINGH |
| 245 ## - TITLE STATEMENT | |
| Title | MERA RANG DE BASANTI CHOLA |
| 260 ## - PUBLICATION, DISTRIBUTION, ETC. (IMPRINT) | |
| Place of publication, distribution, etc | INDIA |
| Name of publisher, distributor, etc | PRABHAT PRAKASHAN |
| Year of Publication | 2022 |
| 300 ## - PAGE DESCRIPTION | |
| No. of Pages | 294 |
| 650 ## - SUBJECT ADDED ENTRY--TOPICAL TERM | |
| Topical term or geographic name as entry element | FREEDOM FIGHTERS |
| 942 ## - ADDED ENTRY ELEMENTS (KOHA) | |
| Source of classification or shelving scheme | Dewey Decimal Classification |
| Koha item type | Books |
| Withdrawn status | Lost status | Source of classification or shelving scheme | Damaged status | Not for loan | Home library | Current library | Shelving location | Date acquired | Vendor Name | Cost, normal purchase price | SGTU | Total Checkouts | Full call number | Accession No. (Barcode) | Date last seen | Bill Date | Koha item type |
|---|---|---|---|---|---|---|---|---|---|---|---|---|---|---|---|---|---|
| Dewey Decimal Classification | Not For Loan | SGT Chancellor's Library | SGT Chancellor's Library | Reference Book | 22/04/2024 | SGT CHANCELLOR'S COLLECTION | 600.00 | SGTU | 954.034 M22V | CH364 | 22/04/2024 | 22/04/2024 | Books |